Medzi štátom a spoločnosťou politické strany na Slovensku po roku 1989

Uložené v:
Podrobná bibliografia
Hlavný autor: Rybář, Marek
Médium: Kniha
Jazyk:Slovak
Vydavateľské údaje: Bratislava Univerzita Komenského v Bratislave 2011
Predmet:
Tagy: Pridať tag
Žiadne tagy, Buďte prvý, kto otaguje tento záznam!

MARC

LEADER 00000nam a2200000 4500
001 0212729
005 20240314094418.2
020 |a 978-80-89493-06-7 
041 0 |a slo 
044 |a SK 
245 1 0 |a Medzi štátom a spoločnosťou  |b politické strany na Slovensku po roku 1989  |c Marek Rybář 
264 1 |a Bratislava  |b Univerzita Komenského v Bratislave  |c 2011 
300 |a 157 s. 
610 2 0 |a strany politické 
610 2 0 |a štát 
610 2 0 |a spoločnosť 
610 2 0 |a voľby 
610 2 0 |a moc politická 
610 2 0 |a lídri 
610 2 0 |a administratíva 
610 2 0 |a financovanie 
610 2 0 |a situácia politická 
610 2 0 |a vývoj 
610 2 0 |a Slovensko 
100 1 |a Rybář, Marek